000 00436nam a2200181Ia 4500
001 13558
005 20260306164810.0
008 260306t2009||||xx |||||||||||||| ||spa||
041 _aESP
082 _a004.65
_bB18
100 _aBuford, John F.
_eAUT
245 0 _aP2P Networking and applications
260 _c2009
300 _axxi, 415 páginas :
_cil. ; 25 cm.
650 _aGEN
654 _aCCC
942 _cLIB
_dJUS
_fJUS
_2ddc
_n
999 _c13558
_d13558